Processed plant protein foodstuffs
Gardado en:
| Autor Principal: | |
|---|---|
| Formato: | Libro |
| Idioma: | inglés |
| Publicado: |
Nueva York
Academic
1958
|
| Subjects: | |
| Tags: |
Engadir etiqueta
Sen Etiquetas, Sexa o primeiro en etiquetar este rexistro!
|
MARC
| LEADER | 00000nam a2200000 a 4500 | ||
|---|---|---|---|
| 001 | UCU7153 | ||
| 003 | CL-VaPUC | ||
| 008 | 960628e19580000US |||||||||||||||||eng|d | ||
| 082 | 0 | 4 | |a 641.12 |b ALT |2 21 |
| 100 | 0 | |a Altschul, Aaron Mayer |e author |9 365724 | |
| 245 | 1 | 0 | |a Processed plant protein foodstuffs |
| 300 | |a 955 p | ||
| 942 | |c BK | ||
| 945 | |d 19960628 00:00:00 |a lriquelm | ||
| 260 | |a Nueva York |b Academic |c 1958 | ||
| 650 | 0 | |a Procesos industriales |9 334036 | |
| 650 | 0 | |a Industria alimentaria |9 331702 | |
| 650 | 0 | |a Plantas |9 264555 | |
| 650 | 7 | |a PROTEINAS ALIMENTARIAS |2 CL-VaPUC |9 365725 | |
| 650 | 7 | |a PLANTAS OLEAGINOSAS |2 CL-VaPUC |9 324628 | |
| 650 | 7 | |a MANI |2 CL-VaPUC |9 365726 | |
| 583 | |a last modification |c 19960628 00:00:00 |k Rodrigo Vera | ||
| 999 | |c 249843 |d 249841 | ||
| 952 | |0 0 |1 0 |4 0 |6 641_120000000000000_ALT_1958 |7 0 |8 A |9 267387 |a BIBING |b BIBING |d 2019-11-19 |i 1695797 |o 641.12 ALT 1958 |p 1695797 |r 2025-01-20 |w 2019-11-19 |y BK |k EIB | ||